000
00309nam a2200121Ia 4500
008
220204s9999 xx 000 0 und d
082
_a
054
_b
LYO
100
_a
Lyons, John W
245
0
_a
Chemistry and use of fire retardants
260
_a
New York
_b
John Wiley
_c
1970
650
_a
Fire retardant
942
_c
BK
999
_c
24432
_d
24432